00874cas a2200205 a 450000100090000000300040000900500170001300800410003002000180007103500240008903700700011304000070018305000150019010000180020524500670022326000480029030000160033850502890035465000250064312282489OSt20211201113323.0000815c20009999ctuar r 0 a0eng c a9781456778231 a(OCoLC)ocm44788902  bCollegiate Career Consulting LLC, P.O. Box 8095, Berlin, CT 06037 cLC00aHD57.7.S49 qSeshie, P. O.04aTheory for corporate leadership development. /cP. O. Seshie. aCentral Milton Keynes:bAuthorhouse,c2011. axiv, 145 p; aContents: Organisational leadership -- Context surrounding organisational leadership -- Review of theory of leadership -- Changing mind on leadership -- The leadership in crisis -- Leadership and economic of organisation -- Theory for corporate leadership development -- Conclusion -- 2Corporate leadership